[Event "Florianopolis op 10th"]
[Site "Florianopolis"]
[Date "2024.01.25"]
[Round "7"]
[White "Piccoli, Lucas Fonseca"]
[Black "Justiniano Flores, Luis Fernando"]
[Result "1-0"]
[WhiteElo "2263"]
[BlackElo "1486"]
[PlyCount "75"]
[EventDate "2024.01.20"]
[EventType "swiss"]
[EventRounds "10"]
[EventCountry "BRA"]
[SourceTitle "CB05_2024"]
[SourceDate "2024.01.31"]
[SourceVersion "1"]
[SourceVersionDate "2024.01.31"]
[SourceQuality "1"]

1. e4 c5 2. Nf3 e6 3. d4 cxd4 4. Nxd4 a6 5. Bd3 Nf6 6. 0-0 Qc7 7. Qe2 d6 8. c4 Nbd7 9. f4 b6 10. Nc3 Bb7 11. Kh1 Be7 12. b3 h5 13. f5 Nc5 14. fxe6 fxe6 15. Bc2 0-0 16. Be3 Ng4 17. Bg1 Bf6 18. h3 g5 19. hxg4 hxg4 20. Qxg4 Qh7+ 21. Qh3 Rf7 22. Be3 Qg6 23. e5 Be4 24. Nxe4 Nxe4 25. Rxf6 Rxf6 26. exf6 e5 27. f7+ Kxf7 28. Rf1+ Kg8 29. Bxe4 Qxe4 30. Qe6+ Kh8 31. Qf6+ Kg8 32. Qxg5+ Kh8 33. Qf6+ Kg8 34. Qf7+ Kh8 35. Nf5 Qg4 36. Qf6+ Kh7 37. Qh6+ Kg8 38. Ne7# 1-0

[Event "Florianopolis op 10th"]
[Site "Florianopolis"]
[Date "2024.01.23"]
[Round "5"]
[White "Ulrich, Henning"]
[Black "Justiniano Flores, Luis Fernando"]
[Result "0-1"]
[WhiteElo "1822"]
[BlackElo "1486"]
[PlyCount "137"]
[EventDate "2024.01.20"]
[EventType "swiss"]
[EventRounds "10"]
[EventCountry "BRA"]
[SourceTitle "CB05_2024"]
[SourceDate "2024.01.31"]
[SourceVersion "1"]
[SourceVersionDate "2024.01.31"]
[SourceQuality "1"]

1. e4 c5 2. Nf3 e6 3. d4 cxd4 4. Nxd4 a6 5. Nc3 Qc7 6. Bd3 Nf6 7. Qe2 d6 8. Be3 Nbd7 9. f3 b5 10. g4 Ne5 11. g5 Nfd7 12. f4 Nc4 13. Bxc4 bxc4 14. 0-0-0 Bb7 15. f5 exf5 16. Nd5 Bxd5 17. exd5 Ne5 18. Bd2 g6 19. Nc6 Bg7 20. Bc3 0-0 21. Nd4 Rfe8 22. Qf2 Ng4 23. Qg1 Ne3 24. Ne6 fxe6 25. Qxe3 exd5 26. Qf3 Bxc3 27. Qxd5+ Qf7 28. bxc3 Rad8 29. h4 Qxd5 30. Rxd5 Re5 31. Rhd1 Rxd5 32. Rxd5 Kf7 33. Kd2 Ke6 34. Ra5 h6 35. gxh6 Rh8 36. Rxa6 Rxh6 37. a4 Rxh4 38. a5 Rh2+ 39. Kc1 Rh1+ 40. Kb2 f4 41. Ra8 Rh5 42. a6 Ra5 43. a7 Kd5 44. Kc1 g5 45. Kd2 g4 46. Ke2 Ra2 47. Kf1 g3 48. Rf8 Rxa7 49. Rxf4 Ra2 50. Rf3 Rxc2 51. Rxg3 Rd2 52. Rg5+ Ke4 53. Ke1 Rd3 54. Rg4+ Kd5 55. Rg5+ Kc6 56. Ke2 Rxc3 57. Kd2 Rd3+ 58. Kc2 d5 59. Rg8 Kc5 60. Rc8+ Kd4 61. Rd8 Re3 62. Kd2 Rh3 63. Kd1 Rh2 64. Rd7 c3 65. Rc7 Kd3 66. Ke1 d4 67. Rg7 Re2+ 68. Kd1 c2+ 69. Kc1 0-1

[Event "Florianopolis op 10th"]
[Site "Florianopolis"]
[Date "2024.01.20"]
[Round "1"]
[White "Casalaspro, Mathias Andre"]
[Black "Justiniano Flores, Luis Fernando"]
[Result "1-0"]
[WhiteElo "2121"]
[BlackElo "1486"]
[PlyCount "69"]
[EventDate "2024.01.20"]
[EventType "swiss"]
[EventRounds "10"]
[EventCountry "BRA"]
[SourceTitle "CB05_2024"]
[SourceDate "2024.01.31"]
[SourceVersion "1"]
[SourceVersionDate "2024.01.31"]
[SourceQuality "1"]

1. d4 d5 2. Nc3 Nf6 3. Bf4 Bf5 4. f3 e6 5. g4 Bg6 6. h4 h6 7. e3 Bd6 8. Bd3 Bxf4 9. exf4 Qd6 10. Bxg6 fxg6 11. Nge2 a6 12. Qd3 Kf7 13. 0-0-0 Nc6 14. Kb1 b5 15. Qe3 Na5 16. Nc1 Nc4 17. Qf2 a5 18. Nd3 Rhb8 19. Ne5+ Kg8 20. g5 Nd7 21. Nd3 h5 22. Nc5 Nxc5 23. dxc5 Qxf4 24. Rhe1 Ra6 25. Rd4 Qf8 26. Rd3 a4 27. Qd4 b4 28. Nxd5 Nxb2 29. Nf6+ gxf6 30. Kxb2 fxg5 31. Rg1 Re8 32. Rxg5 Kh7 33. Qe4 Qf6+ 34. Kb1 a3 35. Rd7+ 1-0

[Event "Pan American-ch School U15 12th"]
[Site "Callao"]
[Date "2023.10.17"]
[Round "3"]
[White "Pariona Palomino, Miguel Angel"]
[Black "Justiniano Flores, Luis Fernando"]
[Result "0-1"]
[WhiteElo "1381"]
[BlackElo "1681"]
[PlyCount "72"]
[EventDate "2023.10.16"]
[EventType "swiss"]
[EventRounds "9"]
[EventCountry "PER"]
[SourceTitle "Mega2024 Update 01"]
[Source "Chessbase"]
[SourceDate "2023.11.12"]
[SourceVersion "1"]
[SourceVersionDate "2023.11.12"]
[SourceQuality "1"]

1. e4 c5 2. Nf3 e6 3. d3 Nc6 4. g3 d5 5. Qe2 Nf6 6. e5 Nd7 7. c4 Nd4 8. Nxd4 cxd4 9. cxd5 Qa5+ 10. Nd2 Qxd5 11. Nf3 Bb4+ 12. Kd1 Nc5 13. Bg2 Na4 14. Qc2 Bd7 15. Bd2 Rc8 16. Qb3 Qxb3+ 17. axb3 Nxb2+ 18. Ke2 Nxd3 19. Bxb4 Nxb4 20. Nxd4 Nc2 21. Nxc2 Rxc2+ 22. Kf1 Bb5+ 23. Kg1 b6 24. Be4 Rc7 25. Kg2 Ke7 26. h4 Rd8 27. Bxh7 Bc6+ 28. f3 Rd2+ 29. Kh3 Bxf3 30. Rhg1 g6 31. Raf1 Rc3 32. Rc1 Rxc1 33. Rxc1 Rd1 34. Rxd1 Bxd1 35. b4 Kf8 36. h5 Kg7 0-1

[Event "Pan American-ch School U15 12th"]
[Site "Callao"]
[Date "2023.10.16"]
[Round "1"]
[White "Puma Puchoc, Alejandro Apolinar"]
[Black "Justiniano Flores, Luis Fernando"]
[Result "0-1"]
[WhiteElo "1225"]
[BlackElo "1681"]
[PlyCount "74"]
[EventDate "2023.10.16"]
[EventType "swiss"]
[EventRounds "9"]
[EventCountry "PER"]
[SourceTitle "Mega2024 Update 01"]
[Source "Chessbase"]
[SourceDate "2023.11.12"]
[SourceVersion "1"]
[SourceVersionDate "2023.11.12"]
[SourceQuality "1"]

1. d4 d5 2. Nf3 Nf6 3. e3 Bf5 4. Bd3 Bg6 5. c3 Nbd7 6. Bc2 e6 7. Nbd2 Bd6 8. c4 b6 9. a3 c5 10. b3 cxd4 11. Nxd4 Bh5 12. f3 Nc5 13. Bb2 Nfe4 14. b4 Qh4+ 15. g3 Nxg3 16. Qb1 Nxh1+ 17. Kd1 Ne4 18. Bxe4 dxe4 19. Kc2 Nf2 20. Nb5 Bxh2 21. f4 Bxf4 22. Bxg7 Rg8 23. Qb2 Qg3 24. exf4 Qd3+ 25. Kc1 0-0-0 26. Ra2 Qe2 27. Nc3 Qe1+ 28. Kc2 Bd1+ 29. Kb1 Nd3 30. Ka1 Nxb2 31. Rxb2 Rxg7 32. Ndb1 Rd3 33. Ka2 Rxc3 34. Nxc3 Qxc3 35. b5 Bb3+ 36. Rxb3 Rg2+ 37. Kb1 Qe1# 0-1

[Event "Santa Cruz op 5th"]
[Site "Santa Cruz"]
[Date "2023.02.18"]
[Round "6"]
[White "Lilienfeld Quevedo, Daniel"]
[Black "Justiniano Flores, Luis Fernando"]
[Result "1-0"]
[WhiteElo "1466"]
[BlackElo "1592"]
[PlyCount "96"]
[EventDate "2023.02.16"]
[EventType "swiss"]
[EventRounds "7"]
[EventCountry "BOL"]
[SourceTitle "CBM 212 Extra"]
[Source "ChessBase"]
[SourceDate "2023.03.31"]
[SourceVersion "1"]
[SourceVersionDate "2023.03.31"]
[SourceQuality "1"]

1. e4 c5 2. b3 Nc6 3. Bb2 e6 4. Nf3 Nf6 5. Qe2 b6 6. g3 Nb4 7. d4 Ba6 8. c4 d5 9. exd5 Nfxd5 10. Bg2 Qf6 11. 0-0 Qf5 12. a3 Qc2 13. Qd2 Qxd2 14. Nbxd2 Nd3 15. Rfb1 Nf6 16. Ne5 Nxe5 17. dxe5 Nd5 18. cxd5 exd5 19. Bxd5 0-0-0 20. Bc4 b5 21. Bxf7 Rxd2 22. e6 Re2 23. Bc3 Kc7 24. Re1 Rxe1+ 25. Rxe1 Kd6 26. Rd1+ Kc6 27. Rd8 b4 28. axb4 cxb4 29. Bd2 Bc4 30. bxc4 b3 31. Bc3 Kc7 32. e7 Bxe7 33. Rxh8 Bf6 34. c5 Bxc3 35. Bxb3 h6 36. Ba4 Bd4 37. c6 Be5 38. Rf8 h5 39. Rf7+ Kc8 40. Kf1 Bc3 41. Rd7 Be5 42. Ke2 Bf6 43. Kd3 Be5 44. Ke4 Bf6 45. Kd5 Bc3 46. c7 g5 47. Kc6 Bf6 48. Rf7 Bd8 1-0

[Event "Santa Cruz op 5th"]
[Site "Santa Cruz"]
[Date "2023.02.17"]
[Round "3"]
[White "Justiniano Flores, Luis Fernando"]
[Black "Machaca Paniagua, Leinier Lionel"]
[Result "0-1"]
[WhiteElo "1592"]
[BlackElo "1213"]
[PlyCount "194"]
[EventDate "2023.02.16"]
[EventType "swiss"]
[EventRounds "7"]
[EventCountry "BOL"]
[SourceTitle "CBM 212 Extra"]
[Source "ChessBase"]
[SourceDate "2023.03.31"]
[SourceVersion "1"]
[SourceVersionDate "2023.03.31"]
[SourceQuality "1"]

1. d4 b6 2. e4 Bb7 3. Nc3 e6 4. Bd3 Nf6 5. Bg5 h6 6. Bh4 g5 7. Bg3 Bb4 8. Be5 d6 9. Bxf6 Qxf6 10. Nge2 Nd7 11. 0-0 Bxc3 12. Nxc3 0-0-0 13. Bb5 a6 14. Be2 Kb8 15. a4 a5 16. Ra3 Qg6 17. Re1 f5 18. exf5 exf5 19. Bh5 Qg7 20. Re6 g4 21. Ne2 Nf6 22. Nf4 Qg5 23. h4 gxh3 24. Bf3 h2+ 25. Kh1 Ne4 26. Nh3 Qh4 27. Bxe4 Bxe4 28. Kxh2 Bd5 29. Rg6 Rdg8 30. Rag3 Rxg6 31. Rxg6 Qe7 32. b3 h5 33. Rg5 Qf6 34. c4 Bf7 35. Qd2 Re8 36. Qf4 Bg6 37. Qg3 Bf7 38. Nf4 h4 39. Qxh4 Rh8 40. Nh5 Qd8 41. g3 d5 42. Rxf5 Qxh4+ 43. gxh4 Bxh5 44. Rxd5 Bf7 45. Rd7 Rxh4+ 46. Kg3 Rh7 47. Kf4 Kc8 48. Re7 Kd8 49. Re3 Kd7 50. Ke5 Be8 51. d5 Re7+ 52. Kd4 Rxe3 53. fxe3 Bg6 54. e4 Bh5 55. e5 Bd1 56. Kc3 Ke7 57. Kb2 Bf3 58. Kc3 Bg4 59. b4 Bd7 60. bxa5 bxa5 61. Kb3 c6 62. Ka3 c5 63. Kb3 Bc8 64. Kc3 Bg4 65. Kd2 Bf3 66. Ke1 Kd7 67. Kd2 Bg4 68. Ke1 Ke7 69. Kd2 Bd7 70. Kc3 Bxa4 71. Kb2 Be8 72. Ka2 Bh5 73. Kb3 Bd1+ 74. Ka3 a4 75. Kb2 Kd7 76. Ka3 Bb3 77. Kb2 Bxc4 78. d6 Bb3 79. Kc3 c4 80. Kb2 Bd1 81. Ka1 a3 82. Kb1 c3 83. e6+ Kxe6 84. d7 Kxd7 85. Ka1 Kd6 86. Kb1 Kd5 87. Ka1 Kd4 88. Kb1 Kd3 89. Ka1 Kd2 90. Kb1 Bh5 91. Ka2 c2 92. Kxa3 c1Q+ 93. Kb4 Qc6 94. Ka5 Qb7 95. Ka4 Kc3 96. Ka5 Kc4 97. Ka4 Qa6# 0-1

[Event "Santa Cruz op 5th"]
[Site "Santa Cruz"]
[Date "2023.02.17"]
[Round "4"]
[White "Salazar Salinas, Maria Jose"]
[Black "Justiniano Flores, Luis Fernando"]
[Result "0-1"]
[WhiteElo "1168"]
[BlackElo "1592"]
[PlyCount "62"]
[EventDate "2023.02.16"]
[EventType "swiss"]
[EventRounds "7"]
[EventCountry "BOL"]
[SourceTitle "CBM 212 Extra"]
[Source "ChessBase"]
[SourceDate "2023.03.31"]
[SourceVersion "1"]
[SourceVersionDate "2023.03.31"]
[SourceQuality "1"]

1. e4 c5 2. Nc3 e6 3. d3 Nc6 4. g3 g6 5. Bg2 Bg7 6. Be3 Qa5 7. Nge2 Nd4 8. 0-0 Nxe2+ 9. Qxe2 Bxc3 10. bxc3 Qxc3 11. f4 d6 12. f5 e5 13. fxg6 hxg6 14. Bg5 Be6 15. Rab1 b6 16. a4 Nh6 17. Qd2 Qxd2 18. Bxd2 Bd7 19. a5 b5 20. Rf6 Ng4 21. Rxd6 Rxh2 22. Bg5 Rh5 23. Bf6 b4 24. Bf3 Nxf6 25. Rxf6 Rg5 26. Kg2 Ke7 27. Ra6 Bb5 28. Rxg6 Rxg6 29. Kf2 Rh8 30. Rg1 Ba4 31. Rc1 Rh3 0-1

[Event "Santa Cruz op 5th"]
[Site "Santa Cruz"]
[Date "2023.02.16"]
[Round "2"]
[White "Almendras, Elias"]
[Black "Justiniano Flores, Luis Fernando"]
[Result "1-0"]
[WhiteElo "1974"]
[BlackElo "1592"]
[PlyCount "77"]
[EventDate "2023.02.16"]
[EventType "swiss"]
[EventRounds "7"]
[EventCountry "BOL"]
[SourceTitle "CBM 212 Extra"]
[Source "ChessBase"]
[SourceDate "2023.03.31"]
[SourceVersion "1"]
[SourceVersionDate "2023.03.31"]
[SourceQuality "1"]

1. d4 d5 2. Nf3 Nf6 3. e3 e6 4. Bd3 Bd6 5. Nbd2 Nbd7 6. 0-0 e5 7. e4 0-0 8. dxe5 Nxe5 9. Nxe5 Bxe5 10. exd5 Bxh2+ 11. Kxh2 Ng4+ 12. Kg1 Qxd5 13. Nf3 Be6 14. Bf4 Qh5 15. Re1 Rfe8 16. Ne5 Bd5 17. Qxg4 Rxe5 18. Qxh5 Rxh5 19. Re5 Rxe5 20. Bxe5 c5 21. Rd1 Rd8 22. Bc4 f6 23. Rxd5 Rxd5 24. Bxd5+ Kf8 25. Bd6+ Ke8 26. Bxb7 a5 27. Bxc5 h5 28. a4 h4 29. c3 g5 30. b4 g4 31. bxa5 f5 32. Bd5 h3 33. Be6 f4 34. a6 g3 35. f3 h2+ 36. Kh1 Kd8 37. Bd6 Ke8 38. a7 Kd8 39. a8R# 1-0

[Event "Pan American-ch Hybrid U14 31st"]
[Site "Tornelo INT"]
[Date "2021.09.04"]
[Round "2"]
[White "Clark, Tarquin"]
[Black "Justiniano Flores, Luis Fernando"]
[Result "0-1"]
[WhiteElo "1025"]
[BlackElo "1244"]
[PlyCount "92"]
[EventDate "2021.09.04"]
[EventType "swiss"]
[EventRounds "9"]
[EventCountry "NET"]
[SourceTitle "EXT 2023"]
[Source "ChessBase"]
[SourceDate "2022.10.05"]
[SourceVersion "1"]
[SourceVersionDate "2022.10.05"]
[SourceQuality "1"]

1. e4 c5 2. Nf3 e6 3. d4 cxd4 4. Nxd4 Nf6 5. f3 a6 6. e5 Qa5+ 7. c3 Qxe5+ 8. Be2 b5 9. 0-0 Bb7 10. Re1 Qc7 11. Be3 Bc5 12. Nd2 Nc6 13. Kh1 Bb6 14. Rc1 0-0 15. a3 Rac8 16. Bg1 d6 17. a4 Nxd4 18. Bxd4 Bxd4 19. cxd4 Qxc1 20. Qxc1 Rxc1 21. Rxc1 bxa4 22. Ra1 Rc8 23. Nc4 Rc6 24. Kg1 g6 25. Na5 Rb6 26. Nc4 Rc6 27. Na5 Rc7 28. Nc4 d5 29. Nb6 Rc2 30. Bd3 Rxb2 31. Nxa4 Rd2 32. Nc5 Bc8 33. Ra4 Nd7 34. Nxa6 Rxd3 35. Nc5 Nxc5 36. dxc5 Rc3 37. Ra5 Kg7 38. Kf2 e5 39. c6 Rxc6 40. Rxd5 Kf6 41. Ke3 Ke6 42. Ra5 h5 43. Ke4 Bb7 44. Rxe5+ Kf6 45. Kf4 g5+ 46. Rxg5 Rc4+ 0-1

[Event "Pan American-ch Hybrid U14 31st"]
[Site "Tornelo INT"]
[Date "2021.09.04"]
[Round "3"]
[White "Justiniano Flores, Luis Fernando"]
[Black "Amigo Quintana, Antu"]
[Result "0-1"]
[WhiteElo "1244"]
[BlackElo "1779"]
[PlyCount "110"]
[EventDate "2021.09.04"]
[EventType "swiss"]
[EventRounds "9"]
[EventCountry "NET"]
[SourceTitle "EXT 2023"]
[Source "ChessBase"]
[SourceDate "2022.10.05"]
[SourceVersion "1"]
[SourceVersionDate "2022.10.05"]
[SourceQuality "1"]

1. d4 Nf6 2. Bf4 e6 3. e3 d5 4. Nf3 Bd6 5. Ne5 0-0 6. Nd2 c5 7. c3 Nc6 8. Bb5 Ne7 9. h4 Qc7 10. h5 Nd7 11. Bxd7 Bxd7 12. Nxd7 Qxd7 13. Qg4 Bxf4 14. Qxf4 cxd4 15. h6 g6 16. Qf6 Nf5 17. g4 Qe7 18. Qe5 f6 19. Qf4 g5 20. Qf3 dxc3 21. bxc3 Nd6 22. Rb1 Rac8 23. Rb3 Rc5 24. 0-0 Nf7 25. Qh1 Rfc8 26. Rfb1 b6 27. Rc1 Qf8 28. Qf3 Qxh6 29. e4 Ne5 30. Qe2 d4 31. c4 Ng6 32. Rg3 Nf4 33. Qf1 e5 34. Nb3 R5c6 35. a4 Qg6 36. Nd2 R8c7 37. Ra3 a5 38. f3 h5 39. Rb3 hxg4 40. fxg4 Rh7 41. c5 Qh6 42. Nf3 Rhc7 43. Rxb6 Rxb6 44. cxb6 Rxc1 45. Qxc1 Ne2+ 46. Kf2 Nxc1 47. b7 Qf8 48. Nd2 Qb8 49. Nc4 Qxb7 50. Nxa5 Qxe4 51. Nc4 Nd3+ 52. Kf1 Qe1+ 53. Kg2 Nf4+ 54. Kh2 Qf2+ 55. Kh1 Qg2# 0-1

[Event "Pan American-ch Hybrid U14 31st"]
[Site "Tornelo INT"]
[Date "2021.09.04"]
[Round "5"]
[White "Justiniano Flores, Luis Fernando"]
[Black "Claro, Rafael Cabral"]
[Result "1-0"]
[WhiteElo "1244"]
[BlackElo "1024"]
[PlyCount "137"]
[EventDate "2021.09.04"]
[EventType "swiss"]
[EventRounds "9"]
[EventCountry "NET"]
[SourceTitle "EXT 2023"]
[Source "ChessBase"]
[SourceDate "2022.10.05"]
[SourceVersion "1"]
[SourceVersionDate "2022.10.05"]
[SourceQuality "1"]

1. d4 e6 2. Bf4 d5 3. e3 Bd6 4. Nf3 Bxf4 5. exf4 Ne7 6. Bd3 Nf5 7. Ne5 Nxd4 8. Qh5 Qe7 9. Nc3 Nbc6 10. Nxc6 Nxc6 11. 0-0-0 Bd7 12. Nxd5 Qd6 13. Rhe1 0-0-0 14. Ne3 Qxf4 15. Kb1 Qxf2 16. Re2 Qf6 17. Rf1 Qe5 18. Qxf7 Be8 19. Qf4 Qxf4 20. Rxf4 Ne5 21. Be4 c6 22. b3 Ng6 23. Rf1 Rd4 24. Nc4 c5 25. Na5 b6 26. Nc6 Bxc6 27. Bxc6 e5 28. Rf7 Rg8 29. Rxa7 Rdd8 30. Rf2 Rgf8 31. Rxf8 Rxf8 32. Rxg7 Rf6 33. Bf3 Nf8 34. a4 Rf4 35. Ra7 e4 36. Bxe4 Rxe4 37. Ra8+ Kc7 38. Rxf8 Re7 39. g4 Rg7 40. h4 Rxg4 41. Rf7+ Kc6 42. Rxh7 Rg1+ 43. Kb2 Rh1 44. h5 Rh2 45. Rh8 Kb7 46. h6 Ka6 47. h7 Kb7 48. Kc3 Rh3+ 49. Kc4 Rh5 50. Kb5 Rh6 51. c4 Rh3 52. a5 Rxb3+ 53. Ka4 Rb4+ 54. Ka3 bxa5 55. Rb8+ Kxb8 56. h8Q+ Kc7 57. Qe5+ Kc6 58. Qd5+ Kb6 59. Qd6+ Kb7 60. Qxc5 Ka6 61. Qc6+ Ka7 62. c5 Rb8 63. Qc7+ Rb7 64. Qxa5+ Kb8 65. c6 Rc7 66. Qb6+ Kc8 67. Kb4 Rg7 68. Qd4 Rc7 69. Qh8# 1-0

[Event "Pan American-ch Hybrid U14 31st"]
[Site "Tornelo INT"]
[Date "2021.09.04"]
[Round "8"]
[White "Medina, Joshua"]
[Black "Justiniano Flores, Luis Fernando"]
[Result "0-1"]
[WhiteElo "1321"]
[BlackElo "1244"]
[PlyCount "66"]
[EventDate "2021.09.04"]
[EventType "swiss"]
[EventRounds "9"]
[EventCountry "NET"]
[SourceTitle "EXT 2023"]
[Source "ChessBase"]
[SourceDate "2022.10.05"]
[SourceVersion "1"]
[SourceVersionDate "2022.10.05"]
[SourceQuality "1"]

1. e4 c5 2. c3 e6 3. d4 cxd4 4. cxd4 a6 5. Nf3 b5 6. d5 Qc7 7. g3 Nf6 8. dxe6 dxe6 9. e5 Nd5 10. Bg2 Nd7 11. Qe2 Qxc1+ 12. Qd1 Qxb2 13. Nbd2 Nxe5 14. 0-0 Nc3 15. Qe1 Nxf3+ 16. Bxf3 Ra7 17. Qe3 Rc7 18. Qb6 Rd7 19. Bc6 Qxd2 20. Qb8 Kd8 21. Qb6+ Rc7 22. Kh1 Bc5 23. Qa5 b4 24. Rac1 Bd6 25. a3 Ke7 26. Bg2 b3 27. Rfd1 Qxd1+ 28. Rxd1 Nxd1 29. Qg5+ Ke8 30. Qd2 b2 31. Qxd6 b1Q 32. Bc6+ Bd7 33. Qxc7 Ne3# 0-1

[Event "Wch FIDE Online U12 America qual"]
[Site "Tornelo INT"]
[Date "2020.12.03"]
[Round "6"]
[White "Aprahamian, Tomas"]
[Black "Justiniano Flores, Luis Fernando"]
[Result "1-0"]
[WhiteElo "1404"]
[BlackElo "1173"]
[PlyCount "57"]
[EventDate "2020.12.01"]
[EventType "swiss (rapid)"]
[EventRounds "7"]
[EventCountry "ISS"]
[SourceTitle "EXT 2022"]
[Source "ChessBase"]
[SourceDate "2021.10.06"]
[SourceVersion "1"]
[SourceVersionDate "2021.10.06"]
[SourceQuality "1"]

1. d4 d5 2. Nf3 Bf5 3. e3 Nf6 4. c4 c6 5. Qb3 Qb6 6. c5 Qc7 7. Nc3 e6 8. Nh4 Bg6 9. Nxg6 hxg6 10. h3 b6 11. cxb6 axb6 12. Na4 b5 13. Nc3 Na6 14. Bd2 Nb4 15. Nxb5 cxb5 16. Bxb4 Ne4 17. Bxb5+ Kd8 18. 0-0 Rb8 19. a4 g5 20. Rfc1 Qb6 21. Bxf8 Rxf8 22. Qd3 Qd6 23. Rc6 Qe7 24. Rac1 Qf6 25. f3 Qg6 26. fxe4 dxe4 27. Qa3 f6 28. Rc8+ Rxc8 29. Qd6# 1-0

[Event "Wch FIDE Online U12 America qual"]
[Site "Tornelo INT"]
[Date "2020.12.03"]
[Round "5"]
[White "Lemus Pena, Sebastian"]
[Black "Justiniano Flores, Luis Fernando"]
[Result "1-0"]
[WhiteElo "1221"]
[BlackElo "1173"]
[PlyCount "77"]
[EventDate "2020.12.01"]
[EventType "swiss (rapid)"]
[EventRounds "7"]
[EventCountry "ISS"]
[SourceTitle "EXT 2022"]
[Source "ChessBase"]
[SourceDate "2021.10.06"]
[SourceVersion "1"]
[SourceVersionDate "2021.10.06"]
[SourceQuality "1"]

1. e4 c5 2. Nc3 e6 3. f4 a6 4. Nf3 b5 5. g3 Bb7 6. Bg2 Qc7 7. d3 d6 8. Be3 Nd7 9. a4 b4 10. Ne2 Ngf6 11. h3 Be7 12. Qd2 0-0 13. Kf2 a5 14. g4 Nb6 15. b3 d5 16. e5 Nfd7 17. d4 f6 18. exf6 Nxf6 19. Ne5 cxd4 20. Nxd4 Ne4+ 21. Bxe4 dxe4 22. Kg3 Bd5 23. Nb5 Qb7 24. Rhf1 Rad8 25. Rac1 Bxb3 26. Qf2 Bf6 27. cxb3 Bxe5 28. Qg1 Rd3 29. Kh2 Nd5 30. fxe5 Nxe3 31. Rxf8+ Kxf8 32. Qf2+ Kg8 33. Nd6 Rxd6 34. exd6 Nd5 35. Rf1 h6 36. Qf8+ Kh7 37. Rf7 Qxf7 38. Qxf7 e3 39. Qxe6 1-0